| 000 | 00719nam a22001815 4500 | ||
|---|---|---|---|
| 001 | 157679 | ||
| 003 | ES-MaACL | ||
| 005 | 20230906210815.0 | ||
| 008 | 960320s1883 gw |||| | lat d | ||
| 245 | 0 | 0 |
_aLexicon graeco-latinum manuale _b: ex optimis libris concinnatum / _cedidit E.F. Leopold. |
| 250 | _aAltera editio stereotypa C. Tauchnitiana emendatior et locupletior, nova impressio. | ||
| 260 |
_aLipsiae : _bsumptibus Ottonis Holtze, _c1883 ( _fImpresserunt Metzger & Witting) |
||
| 300 |
_aIII, 895 p. ; _c14 cm. |
||
| 597 | _aTexto a dos col. | ||
| 650 | 0 | 4 |
_aLengua griega- _vDiccionarios- _xLatÃn. _9141813 |
| 700 | 1 |
_aLeopold, Ernst Friedrich. _9128884 |
|
| 852 | 4 |
_aES-MaACL _jG-13755 _z. -- Enc. pasta |
|
| 999 |
_c157679 _d157679 |
||